Pokémon - Les attaques de Viskuse - Statistiques

Statistiques générales
  • Ce quiz a été pris 10 fois
  • Le résultat moyen est 8 sur 14
Statistiques - réponses
Niveaux Types Noms des attaques % Correct
Niveau 20 Spectre Châtiment
83%
Niveau 32 Spectre Ball'Ombre
67%
Niveau 48 Eau Giclédo
67%
Départ Eau Pistolet à O
67%
Niveau 24 Eau Saumure
67%
Niveau 12 Eau Vibraqua
67%
Niveau 16 Eau Danse Pluie
50%
Niveau 4 Poison Dard-Venin
50%
Niveau 41 Eau Hydrocanon
50%
Niveau 44 Spectre Lien du Destin
50%
Niveau 36 Eau Siphon
50%
Départ Plante Vol-Vie
50%
Niveau 8 Spectre Ombre Nocturne
33%
Niveau 28 Normal Soin
33%
Aucun quiz correspondant
Distribution des résultats
% des personnes avec chaque résultat
Percentile par nombre de réponses
Votre historique - résultats
Vous n’avez pas pris ce quiz